[Event "NZ Open"]
[Site "Devonport"]
[Date "2015.01.06"]
[Round "6"]
[White "Hague, Ben"]
[Black "Le Roy, Brice"]
[Result "1-0"]
[WhiteElo "2462"]
[BlackElo "2290"]
[PlyCount "39"]
[EventDate "2015.??.??"]
[SourceDate "2015.02.09"]

1. e4 c5 2. Nf3 e6 3. d4 cxd4 4. Nxd4 a6 5. Nc3 Qc7 6. Be3 $6 {This is a mistak
e, but it probably won me the game. I just got my move orders confused and
played the move I'd intended to play if he'd played 4...Nc6 5.Nc3 Qc7 rather
than the move I'd intended to play after 4...a6 5.Nc3 Qc7, which was Bd3.
However the big plus point was that he now tried to refute it, rather than
just get a comfortable position, and overstepped the boundaries of acceptable
risk.} Nf6 7. Bd3 Bb4 8. O-O Bxc3 9. bxc3 d6 10. Qf3 Nbd7 11. Qg3 {Diagram # Th
is is probably the first critical moment. The posiition is roughly equal, with
the pawn weaknesses on the queenside being balanced by my greater activity and
bishop pair. Black wasn't satisified with this and went for the complications
with} h5 $5 (11... O-O 12. c4 Ne5 13. Rad1 Nh5 14. Qh4 Nf6 {
maintains the balance}) 12. Rad1 (12. Qxg7 Rg8 13. Qh6 e5 {
and if I save the knight there's a perpetual attack on the queen via Rg6-g8})
12... h4 $6 (12... O-O {It's still possible to castle and avoid the worst of
the trouble, but it does make it hard to see the point of h5 and White does
have a definite edge after} 13. Bg5 b6 14. f3 Bb7 15. c4 {
as b6 and d6 look weaker then the c-pawns, e.g.} Rfc8 16. Rb1 Ne8 17. Rb2 Ne5
18. Rfb1 Nxc4 19. Rb4 Ne5 20. Rxb6 {+=}) 13. Qxg7 Rh7 14. Qg5 {Diagram #} h3 $6
{It was only now that he realised that the bail-out attempt with} (14... Rh5 {
intending the perpetual on the queen doesn't work because of} 15. Nxe6 fxe6 16.
Qg6+ Kd8 17. Be2 (17. Bg5 {was my original plan as I thought that} Rxg5 18.
Qxg5 h3 19. e5 {
should be good for me, but the computer says that it's only unclear after} Qc5
20. Rfe1 dxe5 21. Bf5 exf5 22. Qxf6+ Kc7 23. Qg7 {~}) 17... Re5 (17... Rh8 18.
Bg5 Rf8 19. e5 {now this works as the d-file is open}) 18. Bd4 Qa5 19. f4 {
+-  this was probably his best though, as at least I have chances to go wrong.}
) 15. e5 hxg2 $6 {Oddly enough, playing four consecutive moves with the h-pawn
in a sharp middlegame doesn't turn out very well. It's difficult to give good
advice by this point though, as} (15... dxe5 {loses, e.g.} 16. Nxe6 fxe6 17.
Bxh7 Nxh7 18. Qg6+ Kd8 19. Qg8+ Nhf8 20. Qxf8#) 16. Rfe1 Nxe5 17. Bxh7 Nxh7 18.
Qg8+ Nf8 19. Bh6 Neg6 20. Nf5 {
Diagram # The d-pawn is falling, after which the king won't be long behind it.}
1-0

[Event "New Zealand Open Ch'p 2015"]
[Site "Devonport, Auckland"]
[Date "2015.01.03"]
[Round "3.25"]
[White "Macdonald, Paul"]
[Black "Taylor, Richard"]
[Result "1-0"]
[WhiteElo "1983"]
[BlackElo "1871"]
[PlyCount "56"]
[EventDate "2015.01.01"]
[EventType "swiss"]
[EventRounds "9"]
[SourceDate "2015.02.09"]

1. d4 Nf6 2. c4 e6 3. Nc3 Bb4 4. e3 b6 5. Nf3 Bb7 6. Bd3 O-O 7. Qc2 Bxc3+ 8.
bxc3 d5 9. cxd5 exd5 10. O-O Nbd7 11. Bb2 Re8 12. c4 dxc4 13. Bxc4 Ne4 14. Rad1
Ng5 15. Qf5 Bxf3 16. gxf3 g6 17. Qg4 h5 18. Qg2 Qf6 19. f4 Nh7 20. Ba1 Qf5 21.
Kh1 Rad8 22. Rg1 Ndf8 23. Bd3 Qd5 24. e4 Qxa2 25. f5 Kg7 {
Diagram # Paul Macdonald presses home a massive kingside attack} 26. Qf3 Kh6
27. h4 Qb3 28. d5 Rd6 {
Diagram # Richard is disinclined to see the effects of Qf4+} 1-0

[Event "New Zealand Open Ch'p 2015"]
[Site "Devonport, Auckland"]
[Date "2015.01.03"]
[Round "3.38"]
[White "Opasiak, Dustin Tennessee"]
[Black "Zhu, Karl Kai"]
[Result "0-1"]
[WhiteElo "1729"]
[BlackElo "1689"]
[PlyCount "50"]
[EventDate "2015.01.01"]
[EventType "swiss"]
[EventRounds "9"]
[SourceDate "2015.02.09"]

1. e4 c5 2. Ne2 d6 3. Nbc3 Nc6 4. d4 cxd4 5. Nxd4 a6 6. Be2 e6 7. Be3 Qc7 8.
Qd2 b5 9. Nxc6 Qxc6 10. a3 Ne7 11. Rd1 Ng6 12. f4 Be7 13. O-O Bb7 14. Bg4 O-O
15. Ne2 Nh4 16. Ng3 f5 17. Bf3 Nxf3+ 18. gxf3 Rad8 19. Qg2 Rf6 20. Rd3 fxe4 21.
fxe4 Rg6 22. Kh1 {Sicilian afficionados love to see a Bb7 combining with a Qc6
and an f5 break to generate a winning Black kingside attack. Diagram #} Rxg3 $1
23. Qxg3 $2 {White can keep the game going with} (23. hxg3 Qxe4 24. Rd2 Qxe3
25. Qxb7 Qxd2 26. Qxe7 Qd5+ 27. Kg1 Rf8 {although Black should win}) 23...
Qxe4+ 24. Kg1 Bh4 $3 {Winning everything} 25. Qh3 Qh1# 0-1

[Event "New Zealand Open Ch'p 2015"]
[Site "Devonport, Auckland"]
[Date "2015.01.04"]
[Round "4.7"]
[White "Le Roy, Brice"]
[Black "Krstev, Antonio"]
[Result "1/2-1/2"]
[WhiteElo "2290"]
[BlackElo "2012"]
[PlyCount "92"]
[EventDate "2015.01.01"]
[EventType "swiss"]
[EventRounds "9"]
[SourceDate "2015.02.09"]

1. Nf3 d5 2. c4 c6 3. e3 Nf6 4. Nc3 g6 5. d4 Bg7 6. Ne5 O-O 7. c5 b6 8. b4 a5
9. Na4 Nfd7 10. Rb1 b5 11. Nxd7 Nxd7 12. Nb2 e5 13. a3 axb4 14. axb4 e4 15. Be2
f5 16. O-O Nf6 17. f3 Bd7 18. Qb3 Kh8 19. Nd1 g5 20. Nc3 Qe7 21. Bd2 h6 22. Ra1
f4 23. Rxa8 Rxa8 24. fxe4 fxe3 25. Bxe3 Nxe4 26. Nxe4 Qxe4 27. Bf3 Qg6 28. g4
Bf6 29. h3 Qg7 30. Qb2 Be8 31. Qf2 Be7 32. Bd1 Bg6 33. h4 Bd3 34. hxg5 Bxg5 35.
Bxg5 Qxg5 36. Re1 Be4 37. Rf1 Qg7 38. Kh2 Ra1 39. Be2 Ra2 40. Kh3 Rd2 41. Rd1
Rb2 42. Ra1 Kh7 43. Ra6 {Diagram # A missed opportunity} Qc7 $2 (43... Rb3+ $1
44. Kh2 Qc7+ 45. Kg1 Rh3 46. Qe3 Rh1+ 47. Kf2 Qh2#) 44. Rxc6 Rb3+ 45. Kh4 Qxc6
46. Qf7+ Kh8 1/2-1/2

[Event "New Zealand Open Ch'p 2015"]
[Site "Devonport, Auckland"]
[Date "2015.01.04"]
[Round "4.20"]
[White "Goodhue, Nathan"]
[Black "Eade, Don G"]
[Result "0-1"]
[WhiteElo "2020"]
[BlackElo "1858"]
[PlyCount "68"]
[EventDate "2015.01.01"]
[EventType "swiss"]
[EventRounds "9"]
[SourceDate "2015.02.09"]

1. c4 e5 2. g3 Nf6 3. Bg2 c6 4. d4 exd4 5. Qxd4 d5 6. cxd5 cxd5 7. e3 Nc6 8.
Qa4 Bc5 9. Ne2 O-O 10. O-O Qb6 11. Nd2 Bd7 12. Qf4 Nb4 13. Nb3 Bd6 14. Qd4 Qa6
15. Qd1 Bb5 16. Nbd4 Bd3 17. Bf3 Rac8 18. Re1 g5 19. Nc3 Ne4 20. Bxe4 dxe4 21.
Qg4 Be7 22. Nxe4 Qg6 23. Nf5 Bf6 24. Nxf6+ Qxf6 25. Nh6+ Qxh6 26. Qxb4 Rfd8 27.
e4 Qg6 28. Be3 b6 29. Rac1 Bxe4 30. Rxc8 Rxc8 {
Diagram # White spots an opportunity to grab an apparently free pawn} 31. Bxb6
$2 Bb7 $1 {But Don Eade turns the tables, exploiting a well known property of
opposite-coloured bishop middlegames. Attack and the initiative is doubly
valuable because the attacker's bishop is unopposed.} 32. Be3 {
White cannot prevent Qc6 and save his bishop.} Qc6 33. Kf1 Qg2+ 34. Ke2 Rd8 {
(time)} 0-1

[Event "New Zealand Open Ch'p 2015"]
[Site "Devonport, Auckland"]
[Date "2015.01.04"]
[Round "4.23"]
[White "James, Jack"]
[Black "Zhu, Leo Lei"]
[Result "0-1"]
[WhiteElo "1867"]
[BlackElo "1978"]
[PlyCount "50"]
[EventDate "2015.01.01"]
[EventType "swiss"]
[EventRounds "9"]
[SourceDate "2015.02.09"]

1. e4 c5 2. Nc3 Nc6 3. f4 d6 4. Nf3 g6 5. Bc4 Bg7 6. d3 e6 7. O-O Nge7 8. Qe1
O-O 9. f5 exf5 10. Qh4 a6 11. Bh6 b5 12. Bb3 c4 13. dxc4 bxc4 14. Ng5 cxb3 15.
Bxg7 Kxg7 16. Qxh7+ Kf6 {
Diagram # White has sacrificed a piece to drive the King into the open} 17.
exf5 $2 (17. e5+ $1 {Is very logical, opening lines. The threat of Ne4 mate
forces the King forward into killing crossfire.} Kxg5 18. h4+ Kg4 19. Qh6 $1 {
and mate follows}) 17... Nxf5 18. Nxf7 Rxf7 19. Nd5+ Ke6 20. Nf4+ Kd7 21. Qxf7+
Qe7 22. Qxg6 Qe3+ 23. Kh1 Nce7 24. Qf7 Bb7 {Diagram # White is still on top,
but has to be careful as Black now has some counterplay} 25. Qxb3 $2 (25. Rae1
$1) 25... Ng3+ $1 {With mate in three} 0-1

[Event "New Zealand Open Ch'p 2015"]
[Site "Devonport, Auckland"]
[Date "2015.01.05"]
[Round "5.14"]
[White "Krstev, Antonio"]
[Black "Stojic, Dusan"]
[Result "0-1"]
[WhiteElo "2012"]
[BlackElo "2123"]
[PlyCount "64"]
[EventDate "2015.01.01"]
[EventType "swiss"]
[EventRounds "9"]
[SourceDate "2015.02.09"]

1. d4 Nf6 2. c4 g6 3. Nc3 d5 4. cxd5 Nxd5 5. e4 Nxc3 6. bxc3 Bg7 7. Bc4 c5 8.
Ne2 Nc6 9. Be3 O-O 10. O-O Na5 11. Bd3 b6 12. Qd2 e5 13. d5 f5 14. f3 f4 15.
Bf2 c4 16. Bc2 Bd7 17. Qd1 Qe8 18. a3 g5 19. Nc1 h5 20. Qe1 Bf6 21. Na2 Rf7 22.
Nb4 Be7 23. Qd2 Rd8 24. Rad1 Bd6 25. Rb1 Rg7 26. Bd1 Qe7 27. Qa2 g4 28. Kh1 g3
29. Bg1 Qh4 30. Nc6 {Diagram #} Bc5 $1 31. h3 Bxh3 $1 {For some Black players,
the light square bishop exists only to make this routine winning sacrifice} 32.
Bh2 Bc8 0-1

[Event "New Zealand Open Ch'p 2015"]
[Site "Devonport, Auckland"]
[Date "2015.01.05"]
[Round "5.38"]
[White "Fan, Allen Chi Zhou"]
[Black "Taylor, Richard"]
[Result "0-1"]
[WhiteElo "1816"]
[BlackElo "1871"]
[PlyCount "58"]
[EventDate "2015.01.01"]
[EventType "swiss"]
[EventRounds "9"]
[SourceDate "2015.02.09"]

1. Nf3 d5 2. c4 d4 3. g3 c5 4. Bg2 Nc6 5. d3 e5 6. O-O Bd6 7. Na3 f5 8. e3 Nf6
9. Nc2 a5 10. Nfe1 O-O 11. a3 Be6 12. Rb1 a4 13. exd4 cxd4 14. b4 axb3 15. Rxb3
Qd7 16. Nb4 Nxb4 17. axb4 f4 18. gxf4 exf4 19. Nf3 Bg4 20. Qc2 {Diagram #} Bh3
$1 {This is a forced win. In what follows, White can never cope with the
latent possibility of Rf8-f6-g6 or h6} 21. Bxh3 Qxh3 22. Qd1 Ng4 23. Bb2 Nxh2
24. Ng5 Qh4 25. Nf3 Qg4+ 26. Kxh2 {Diagram #} Rf6 27. Nh4 f3+ 28. Kh1 Qxh4+ 29.
Kg1 Qh2# 0-1

[Event "New Zealand Open Ch'p 2015"]
[Site "Devonport, Auckland"]
[Date "2015.01.06"]
[Round "6.2"]
[White "Zhao, Xue"]
[Black "Dive, Russell J"]
[Result "1-0"]
[WhiteElo "2514"]
[BlackElo "2315"]
[PlyCount "71"]
[EventDate "2015.01.01"]
[EventType "swiss"]
[EventRounds "9"]
[SourceDate "2015.02.09"]

1. d4 Nf6 2. c4 e6 3. g3 Bb4+ 4. Nd2 O-O 5. Bg2 d5 6. Ngf3 c5 7. O-O cxd4 8.
Nxd4 e5 9. Nc2 Bxd2 10. Bxd2 dxc4 11. Ne3 Nc6 12. Nxc4 Be6 13. Rc1 Bd5 14. Bg5
Bxg2 15. Kxg2 h6 16. Qxd8 Rfxd8 17. Bxf6 gxf6 18. Rfd1 b5 19. Nd2 Nd4 20. e3
Ne6 21. Ne4 Kg7 22. Nd6 Kg6 23. f4 Ng7 24. fxe5 fxe5 25. Rc6 f6 26. Rf1 Rf8 27.
Ra6 b4 28. g4 h5 29. Ne4 hxg4 30. Nxf6 Nf5 31. Nd7+ Kh5 {Diagram # Black is
wriggling on the hook, and was no doubt hoping to fire a shot himself on the
next move} 32. Kg1 $1 {The only winning move in the position, stepping away
from all counterplay in this way leaves Black unable to prevent material loss.}
Rf7 33. Nxe5 Rff8 34. Ng6 Rf7 35. Nf4+ Kh4 36. e4 1-0

[Event "New Zealand Open Ch'p 2015"]
[Site "Devonport, Auckland"]
[Date "2015.01.06"]
[Round "6.11"]
[White "Steadman, Michael VR"]
[Black "McLaren, Leonard J"]
[Result "1-0"]
[WhiteElo "2257"]
[BlackElo "2210"]
[PlyCount "51"]
[EventDate "2015.01.01"]
[EventType "swiss"]
[EventRounds "9"]
[SourceDate "2015.02.09"]

1. d4 Nf6 2. Nf3 e6 3. g3 b6 4. Bg2 Bb7 5. O-O c5 6. e3 Be7 7. c4 O-O 8. d5
exd5 9. Nh4 Re8 10. cxd5 d6 11. Nc3 Nbd7 12. f4 b5 13. Nxb5 Ba6 14. a4 Qb6 15.
Re1 Bxb5 16. axb5 c4 17. Nf5 Nc5 18. Nd4 Rac8 {Diagram # In this position
White finds a strong and unexpected plan that is very hard for Black to deal
with} 19. Re2 $1 {The idea is Re2-c2xc4, it seems slow but there is no way for
Black to avoid a serious disadvantage} Nfe4 20. Rc2 Bf6 21. Rxc4 {Black seems
to have used his time well with a natural and useful rearrangement of the
troops, but in fact his pieces are now unstable and serious material loss is
inevitable} Bxd4 22. exd4 Qxb5 {Diagram #} 23. Qc2 $1 {And the c file decides}
Nb3 24. Rxc8 Nxa1 25. Rxe8+ Qxe8 26. Qxe4 1-0

[Event "New Zealand Open Ch'p 2015"]
[Site "Devonport, Auckland"]
[Date "2015.01.06"]
[Round "6.50"]
[White "Yan, Sarah"]
[Black "Laughland, Alexander"]
[Result "0-1"]
[WhiteElo "1390"]
[BlackElo "1873"]
[PlyCount "76"]
[EventDate "2015.01.01"]
[EventType "swiss"]
[EventRounds "9"]
[SourceDate "2015.02.09"]

1. d4 Nf6 2. c4 g6 3. Nc3 Bg7 4. Nf3 O-O 5. e3 d6 6. Be2 Nbd7 7. O-O c5 8. Re1
a6 9. h3 Qc7 10. b3 e5 11. d5 Re8 12. e4 Rf8 13. Be3 h6 14. Qd2 Kh7 15. Kh2 Ng8
16. Qc2 f5 17. Nh4 f4 18. Bd2 Qd8 19. Nf3 Ndf6 20. Rg1 g5 21. g4 fxg3+ 22. fxg3
Qd7 23. g4 Ne7 24. Na4 Qd8 25. Ne1 Bd7 26. Nc3 Ng6 27. Ng2 Qc8 28. Ne3 Nf4 29.
Bf3 b5 30. Nf5 b4 31. Nd1 a5 32. Nxd6 Qc7 33. Nf5 Bxf5 34. exf5 {Diagram #} e4
$1 {Signalling a rather charming mating combination} 35. Bg2 Ne2+ 36. Kh1 Ng3+
37. Kh2 Nf1+ 38. Kh1 Qh2# 0-1

[Event "New Zealand Open Ch'p 2015"]
[Site "Devonport, Auckland"]
[Date "2015.01.07"]
[Round "7.23"]
[White "Li, William Xiang Wei"]
[Black "Jule, Alexandra"]
[Result "0-1"]
[WhiteElo "1935"]
[BlackElo "1939"]
[PlyCount "64"]
[EventDate "2015.01.01"]
[EventType "swiss"]
[EventRounds "9"]
[SourceDate "2015.02.09"]

1. c4 c6 2. e4 d5 3. exd5 cxd5 4. d4 Nf6 5. Nc3 a6 6. Nf3 dxc4 7. Bxc4 b5 8.
Bd3 Bb7 9. Bg5 e6 10. O-O Be7 11. Re1 O-O 12. Ne5 Nc6 13. Re3 g6 14. Bxf6 Bxf6
15. Be4 Rc8 16. Bxc6 Bxc6 17. Qg4 h5 18. Qd1 b4 19. Ne4 Bxe4 20. Rxe4 Qd5 21.
Qf3 {Diagram # Black to play and win} Bxe5 $1 22. dxe5 Qxa2 23. Qd1 Qxb2 24.
Rb1 Rfd8 $1 {Diagram # A pretty picture} 25. Qe1 Qc2 26. Rexb4 Rd2 27. R4b2
Qxb2 28. Rxb2 Rxb2 29. h3 Rcc2 30. Qe3 Rxf2 31. Qd3 Rxg2+ 32. Kf1 Rgd2 0-1

[Event "New Zealand Open Ch'p 2015"]
[Site "Devonport, Auckland"]
[Date "2015.01.07"]
[Round "7.27"]
[White "Lim, Benjamin U"]
[Black "D'arcy, Michael"]
[Result "1-0"]
[WhiteElo "1996"]
[BlackElo "1916"]
[PlyCount "71"]
[EventDate "2015.01.01"]
[EventType "swiss"]
[EventRounds "9"]
[SourceDate "2015.02.09"]

1. e4 c5 2. Nf3 d6 3. d4 cxd4 4. Nxd4 Nf6 5. Nc3 a6 6. Bc4 e6 7. Bb3 Nbd7 8. f4
Nc5 9. f5 e5 10. Nf3 Nxb3 11. axb3 h6 12. O-O Bd7 13. Qe2 Be7 14. Rd1 Rc8 15.
Nd5 Nxd5 16. Rxd5 Bc6 17. Rd3 Qc7 18. Bd2 Ra8 19. Be1 b6 20. Bh4 Qb7 21. Re1 a5
22. Bxe7 Kxe7 23. Nh4 Bd7 24. Red1 Rac8 25. Rxd6 Rhd8 26. Qf2 Qxe4 27. f6+ gxf6
28. Qxf6+ Ke8 29. Qh8+ Ke7 30. Qf6+ Ke8 31. Rf1 Qh7 32. Qxe5+ Be6 33. Rxb6 Rxc2
34. Rxe6+ fxe6 {Diagram #} 35. Qxe6+ Qe7 36. Rf8+ (36. Rf8+ Kxf8 37. Ng6+ Kg7
38. Qxe7+ Kxg6 39. Qe4+) 1-0

[Event "New Zealand Open Ch'p 2015"]
[Site "Devonport, Auckland"]
[Date "2015.01.08"]
[Round "8.7"]
[White "Dowden, R Anthony"]
[Black "Croad, Nicholas"]
[Result "0-1"]
[WhiteElo "2108"]
[BlackElo "2254"]
[PlyCount "151"]
[EventDate "2015.01.01"]
[EventType "swiss"]
[EventRounds "9"]
[SourceDate "2015.02.09"]

1. c4 Nf6 2. Nf3 e6 3. g3 d5 4. b3 Be7 5. Bg2 O-O 6. O-O a5 7. a3 Nbd7 8. Bb2
a4 9. cxd5 exd5 10. b4 Re8 11. d3 Bf8 12. Nc3 Nb6 13. h3 g6 14. Rc1 Bg7 15. e3
Bd7 16. Qc2 h5 17. Ne2 c6 18. Bd4 Nh7 19. Rfd1 Nc8 20. Qc5 Bf8 21. Qc2 Bg7 22.
Qc5 Bf8 23. Qc2 Nd6 24. Bb2 Bg7 25. Bxg7 Kxg7 26. Ned4 Qf6 27. Qc3 Kg8 28. Rc2
Rac8 29. Rdc1 Ng5 30. Nxg5 Qxg5 31. h4 Qf6 32. Nb5 Qxc3 33. Nxc3 Bf5 34. Bf1
Ra8 35. Rb2 Bd7 36. Rcb1 Be6 37. Rc1 Red8 38. d4 b5 39. Bd3 Bf5 40. Be2 Re8 41.
Rd2 Re7 42. Rdd1 Rae8 43. Na2 Bd7 44. Kg2 f6 45. Bd3 Kg7 46. Rh1 Rc8 47. Rc3
Kh6 48. Rcc1 Bf5 49. Bxf5 Nxf5 50. Rc3 Nd6 51. Rhc1 Nc4 52. R1c2 Rce8 53. Nc1
g5 54. hxg5+ Kxg5 55. Kf3 Rh8 56. Rd3 h4 57. Ne2 h3 58. Rc1 Rf7 59. Rh1 {
Diagram #} Ne5+ $1 60. dxe5 fxe5+ 61. Nf4 e4+ 62. Ke2 exd3+ 63. Nxd3 Re7 64.
Kf3 Re4 65. Nf4 h2 66. Kg2 Rc4 67. Nh3+ Kf6 68. Rxh2 Rc3 69. Rh1 Rxa3 70. Rc1
Rb3 71. Rxc6+ Ke7 72. Nf4 Ra8 73. Nxd5+ Kd7 74. Rc5 a3 75. Nb6+ Kd6 76. Rxb5
0-1

[Event "New Zealand Open Ch'p 2015"]
[Site "Devonport, Auckland"]
[Date "2015.01.08"]
[Round "8.23"]
[White "Rains, Edward"]
[Black "Zhang, Leo"]
[Result "0-1"]
[WhiteElo "1973"]
[BlackElo "1908"]
[PlyCount "168"]
[EventDate "2015.01.01"]
[EventType "swiss"]
[EventRounds "9"]
[SourceDate "2015.02.09"]

1. e4 c5 2. Nc3 Nc6 3. f4 g6 4. Bb5 Nd4 5. Nf3 Bg7 6. O-O Nxb5 7. Nxb5 d5 8.
exd5 a6 9. Nc3 Nf6 10. d4 c4 11. Ne5 Nxd5 12. Qf3 Nxc3 13. bxc3 O-O 14. Ba3 Qc7
15. Rab1 Bxe5 16. fxe5 Rb8 17. Bc1 Be6 18. Bh6 Rfd8 19. Qe3 b5 20. Rf4 Qc6 21.
Rbf1 b4 22. Qf2 Qd5 23. Qh4 Rd7 24. Bg5 f6 25. exf6 exf6 26. Rxf6 bxc3 27. Qg3
Re8 28. Be3 Rf7 29. Qf4 a5 30. Bc1 Ref8 31. Rxf7 Rxf7 32. Qb8+ Kg7 33. Rxf7+
Kxf7 34. Qc7+ Ke8 35. Qb8+ Kd7 36. Qa7+ Kd8 37. Bf4 Qb5 38. Qc7+ Ke8 39. Kf2
Qf5 40. Qb8+ Kd7 41. Qd6+ Ke8 42. Qb8+ Kf7 43. Qc7+ Bd7 44. Qxc4+ Kg7 45. Ke3
Qxc2 46. Be5+ Kh6 47. Qe2 Qc1+ 48. Kf3 Bc6+ 49. Kf2 c2 50. g3 Bb5 51. Qxb5 Qd2+
52. Qe2 c1=Q {Diagram # White has a visually striking resource, but it's not
enough to save him} 53. Bf4+ {Hitting the King and both Queens!} Qxf4+ 54. gxf4
Qxf4+ 55. Kg2 Qxd4 {And Black eventually won} 56. Qf3 Qb2+ 57. Kg3 Kg7 58. Qd5
Qc3+ 59. Kg2 Qc7 60. Qd4+ Kf7 61. Qd5+ Ke7 62. Qg8 Kd6 63. Qf8+ Kc6 64. Qg8 Kb6
65. Qb3+ Ka7 66. Qg8 a4 67. Qe6 Qc2+ 68. Kg3 h5 69. h4 Kb7 70. Qe7+ Kb6 71.
Qe6+ Kb5 72. Qd7+ Kb4 73. Qe7+ Kc3 74. Qe5+ Kd2 75. Qf4+ Kc3 76. Qe5+ Kb4 77.
Qd6+ Qc5 78. Qxg6 Ka3 79. Qf7 Qe3+ 80. Kh2 Qe2+ 81. Kh1 Qe1+ 82. Kg2 Qe4+ 83.
Kf1 Qb1+ 84. Kg2 Qxa2+ 0-1

[Event "New Zealand Open Ch'p 2015"]
[Site "Devonport, Auckland"]
[Date "2015.01.08"]
[Round "8.34"]
[White "Williams, Doug"]
[Black "Bennett, Hilton P"]
[Result "0-1"]
[WhiteElo "1754"]
[BlackElo "2009"]
[PlyCount "102"]
[EventDate "2015.01.01"]
[EventType "swiss"]
[EventRounds "9"]
[SourceDate "2015.02.09"]

1. d4 Nf6 2. Nc3 g6 3. e4 d6 4. Bg5 Bg7 5. Qd2 h6 6. Bh4 Nbd7 7. f4 c5 8. e5
cxd4 9. Qxd4 Ng4 10. Nd5 dxe5 11. Qc3 Ndf6 12. Nc7+ Kf8 13. Nxa8 exf4 14. Rd1
Bd7 15. Bxf6 Nxf6 16. Nc7 Ne8 17. Qd3 Qxc7 18. Qxd7 Qxc2 {Diagram # White has
picked off the a8 rook for a few pawns and now has an opportunity to simplify
to an easily winning ending with a nice combination} 19. Qd2 $2 (19. Qxe8+ $1
Kxe8 20. Bb5+ Qc6 21. Bxc6+ bxc6) 19... Qe4+ 20. Be2 g5 21. Kf2 Nd6 22. Bf3 Qf5
23. Bxb7 Qc5+ 24. Ke1 Bf6 $1 {Freeing the knight} 25. Bf3 Nc4 26. Qd5 Qb4+ 27.
Kf2 Qb6+ 28. Ke1 Qb4+ 29. Kf2 Ne3 {Diagram # Black's compensation has now
reached alarming proportions and he went on to win.} 30. Qb3 Nxd1+ 31. Bxd1
Qd4+ 32. Kf1 Kg7 33. Bh5 e6 34. Ne2 Qc5 35. Nc3 Rd8 36. Qb7 Qc4+ 37. Be2 Qd4
38. Qf3 Qd2 39. h4 Qxb2 40. Nd1 Qxa2 41. hxg5 hxg5 42. Qe4 Qa1 43. Qf3 a5 44.
Qh5 Kf8 45. Rh3 a4 46. Qf3 Bb2 47. Kg1 Bd4+ 48. Kh2 Bc5 49. Rh7 Qd4 50. Qh5
Qg1+ 51. Kh3 Qh1+ 0-1

[Event "New Zealand Open Ch'p 2015"]
[Site "Devonport, Auckland"]
[Date "2015.01.09"]
[Round "9.6"]
[White "Thornton, Giovanni A"]
[Black "Van Riemsdijk, Herman C"]
[Result "0-1"]
[WhiteElo "2143"]
[BlackElo "2356"]
[PlyCount "72"]
[EventDate "2015.01.01"]
[EventType "swiss"]
[EventRounds "9"]
[SourceDate "2015.02.09"]

1. Nf3 Nc6 2. c4 e5 3. Nc3 Nf6 4. g3 d5 5. cxd5 Nxd5 6. Bg2 Nb6 7. O-O Be7 8.
d3 O-O 9. a3 Be6 10. b4 f6 11. Bb2 Qe8 12. Rc1 Rd8 13. Nd2 a6 14. Nce4 Rf7 15.
Nc5 Bxc5 16. Rxc5 Nd5 17. Qc1 Nd4 18. Re1 c6 19. e3 Nb5 20. Ne4 Nb6 21. Qc2 Bd5
22. a4 Nc7 23. d4 exd4 24. exd4 Qf8 25. b5 axb5 26. Ba3 Rfd7 27. axb5 Qf7 28.
bxc6 bxc6 29. Rb1 Nc4 30. Bc1 Nb5 31. Rxd5 cxd5 32. Rxb5 dxe4 33. Bxe4 g6 34.
Bf3 Rxd4 35. Rb7 {Diagram #} Ne5 $1 {Winning material or forcing mate} 36. Kg2
({The mating line is} 36. Rxf7 Nxf3+ 37. Kf1 Rd1+ 38. Ke2 Ng1+ 39. Ke3 Re1+ 40.
Kf4 Rd4+ 41. Qe4 Rdxe4#) 36... Nxf3 0-1

[Event "New Zealand Open Ch'p 2015"]
[Site "Devonport, Auckland"]
[Date "2015.01.09"]
[Round "9.7"]
[White "Dive, Russell J"]
[Black "Jule, Alexandra"]
[Result "1/2-1/2"]
[WhiteElo "2315"]
[BlackElo "1939"]
[PlyCount "87"]
[EventDate "2015.01.01"]
[EventType "swiss"]
[EventRounds "9"]
[SourceDate "2015.02.09"]

1. f4 d5 2. Nf3 Nf6 3. g3 g6 4. Bg2 Bg7 5. O-O c5 6. d3 d4 7. Na3 O-O 8. Nc4
Nd5 9. a4 Nc6 10. Bd2 Rb8 11. Qc1 Nb6 12. Nce5 Be6 13. Nxc6 bxc6 14. b3 Nd5 15.
Rb1 Qd6 16. Kh1 Bg4 17. Ng5 f5 18. Qe1 h6 19. Nf3 Bxf3 20. Bxf3 e5 21. fxe5
Bxe5 22. Bxh6 Rf7 23. Kg2 f4 24. Bxd5 Qxd5+ 25. Rf3 fxg3 26. hxg3 Re8 27. Qf2
g5 28. Kg1 Rxf3 29. exf3 Bf6 30. f4 g4 31. f5 Re7 32. Re1 Rxe1+ 33. Qxe1 Be5 {
Diagram # A missed opportunity in the last round costs Russell Dive the chance
to be sole NZ Champion.} 34. Qf2 {Protects the g3 pawn directly but Black soon
rounded up the weak f5 pawn and drew} ({Instead} 34. Qe2 $1 {protects the g3
pawn indirectly and attacks the undefendable g4 pawn, collecting the second
pawn leaves White with an overwhelming position}) 34... Kf7 35. Bg5 Qd6 36. Kg2
Qd5+ 37. Kh2 Qd6 38. Bf4 Kf6 39. Bd2 Qd7 40. Bf4 Qxf5 41. Bxe5+ Kxe5 42. Qe2+
Kd6 43. Kg2 Qh5 44. Qf2 1/2-1/2